NPB Baseball Teams Quiz - Statistics

General Stats
  • This quiz has been taken 66 times
  • The average score is 10 of 12
Answer Stats
Hint Answer % Correct
Central League Yomiuri Giants
94%
Central League Hanshin Tigers
92%
Pacific League Hokkaido Nippon-Ham Fighters
87%
Pacific League Orix Buffaloes
87%
Central League Tokyo Yakult Swallows
87%
Central League Yokohama DeNA BayStars
85%
Central League Hiroshima Toyo Carp
83%
Central League Chunichi Dragons
79%
Pacific League Fukuoka SoftBank Hawks
79%
Pacific League Tohoku Rakuten Golden Eagles
77%
Pacific League Saitama Seibu Lions
75%
Pacific League Chiba Lotte Marines
67%
No matching quizzes found
Score Distribution
Percent of People with Each Score
Percentile by Number Answered
Your Score History
You have not taken this quiz